Problems of a new world monetary order
Salvato in:
| Autore principale: | |
|---|---|
| Natura: | Libro |
| Lingua: | inglese |
| Pubblicazione: |
Nueva York
Oxford University Press
1974
|
| Soggetti: | |
| Tags: |
Aggiungi Tag
Nessun Tag, puoi essere il primo ad aggiungerne!!
|
MARC
| LEADER | 00000nam a2200000 a 4500 | ||
|---|---|---|---|
| 001 | UCR8752 | ||
| 003 | CL-VaPUC | ||
| 008 | 980529e19740000US |||||||||||||||||eng|d | ||
| 082 | 0 | 4 | |a 332.45 |b MEI |2 21 |
| 100 | |a Meier, Gerald M. |e autor |9 479815 | ||
| 245 | 1 | 0 | |a Problems of a new world monetary order |
| 300 | |a 305 p | ||
| 942 | |c BK | ||
| 945 | |d 19980529 00:00:00 |a crobeson | ||
| 260 | |a Nueva York |b Oxford University Press |c 1974 | ||
| 650 | 7 | |a SISTEMA MONETARIO INTERNACIONAL |2 CL-VaPUC |9 322730 | |
| 650 | 0 | |a Finanzas internacionales |9 255570 | |
| 650 | 0 | |a Economía financiera |9 359635 | |
| 650 | 7 | |a SISTEMAS MONETARIOS |2 CL-VaPUC |9 342366 | |
| 650 | 7 | |a DIVISAS EXTRANJERAS |2 CL-VaPUC |9 378121 | |
| 650 | 0 | |a Mercado monetario |9 358831 | |
| 650 | 7 | |a RELACIONES MONETARIAS |2 CL-VaPUC |9 410930 | |
| 650 | 7 | |a RELACIONES ECONOMICAS INTERNACIONALES |2 CL-VaPUC |9 315315 | |
| 583 | |a last modification |c 19980529 00:00:00 |k Rodrigo Vera | ||
| 999 | |c 270146 |d 270144 | ||
| 952 | |0 0 |1 0 |4 0 |6 332_450000000000000_MEI_1974 |7 0 |8 A |9 304285 |a BIBENE |b BIBENE |d 2019-11-20 |i 1409093 |o 332.45 MEI 1974 |p 1409093 |r 2025-01-15 |w 2019-11-20 |y BK |k ICO | ||